[Event "Madrid ch Sub-12 2021"]
[Site "Madrid ESP"]
[Date "2021.04.24"]
[Round "4.4"]
[White "Corchon Granero, Mateo"]
[Black "Crespo Pedrero, Lorenzo"]
[Result "1-0"]
[WhiteElo "1244"]
[BlackElo "1177"]
[PlyCount "87"]
[EventDate "2021.04.17"]
[EventType "swiss"]
[EventRounds "5"]
[EventCountry "ESP"]
[SourceTitle "Ajedrez en Madrid"]
[Source "lmi"]
[SourceDate "2021.04.17"]
[SourceVersion "1"]
[SourceVersionDate "2021.04.29"]
[SourceQuality "1"]

1. e4 c6 2. d4 d5 3. Nc3 dxe4 4. Nxe4 Bf5 5. Ng3 Bg6 6. Bc4 e6 7. Nf3 Nd7 8.
Qe2 Ngf6 9. Bg5 Be7 10. O-O h6 11. Bf4 O-O 12. Rfe1 Nb6 13. Bb3 Nbd5 14. Be5
Ne8 15. Bxd5 cxd5 16. c3 Bd6 17. h3 Rc8 18. Rad1 Nc7 19. Qe3 Na8 20. Bxd6 Qxd6
21. Ne5 Bh7 22. Nh5 Rc7 23. Qe2 Bf5 24. Ng3 Bh7 25. Qg4 Qd8 26. f4 Nb6 27. Nh5
g6 28. Ng3 Re8 29. Nf3 Kf8 30. h4 h5 31. Qh3 Nc4 32. Ng5 Kg7 33. b3 Na3 34. Ne2
Qd6 35. g4 a6 36. gxh5 gxh5 37. Qg3 Rg8 38. Kh2 Kh8 39. Qf3 Bf5 40. Qxh5+ Kg7
41. Rg1 Rh8 42. Nxe6+ Kf6 43. Qxh8+ Kxe6 44. Qh6+ 1-0

[Event "Madrid ch Sub-12 2021"]
[Site "Madrid ESP"]
[Date "2021.04.24"]
[Round "4.6"]
[White "Garcia Estebanez, Diego"]
[Black "Blazquez Sanz, Oscar"]
[Result "0-1"]
[WhiteElo "1154"]
[BlackElo "1299"]
[PlyCount "120"]
[EventDate "2021.04.17"]
[EventType "swiss"]
[EventRounds "5"]
[EventCountry "ESP"]
[SourceTitle "Ajedrez en Madrid"]
[Source "lmi"]
[SourceDate "2021.04.17"]
[SourceVersion "1"]
[SourceVersionDate "2021.04.29"]
[SourceQuality "1"]

1. e4 e6 2. Nf3 d5 3. exd5 exd5 4. Qe2+ Qe7 5. Qxe7+ Bxe7 6. Nc3 Nf6 7. d3 O-O
8. Bg5 Re8 9. O-O-O Ng4 10. Re1 Bxg5+ 11. Kb1 Rxe1+ 12. Nxe1 Be6 13. g3 Nxf2
14. Rg1 Bh3 15. Bxh3 Nxh3 16. Rg2 d4 17. Nb5 Nc6 18. Re2 Kf8 19. Nxc7 Rc8 20.
Nb5 Re8 21. Rxe8+ Kxe8 22. Nd6+ Ke7 23. Nxb7 h5 24. c3 dxc3 25. bxc3 Bd2 26.
Nf3 Bxc3 27. Kc1 Bd4 28. Nh4 g6 29. Kc2 Bg1 30. Nf3 Nd4+ 31. Nxd4 Bxd4 32. Na5
Bg1 33. Nc6+ Ke8 34. d4 Bxh2 35. d5 Bxg3 36. Kd3 Nf4+ 37. Ke4 h4 38. d6 Kd7 39.
Ne5+ Kxd6 40. Nxf7+ Ke7 41. Ng5 h3 42. Nxh3 Nxh3 43. Kf3 Bc7 44. Kg4 Nf2+ 45.
Kg5 Kd6 46. Kxg6 Kc5 47. Kf5 Kb4 48. Ke6 Ka3 49. Kd7 Bb6 50. Kc6 Kxa2 51. Kb5
a5 52. Ka4 Kb2 53. Kb5 Kb3 54. Ka6 a4 55. Kb5 a3 56. Ka6 a2 57. Kb7 a1=Q 58.
Kc6 Qc3+ 59. Kb7 Kb4 60. Ka8 Qc8# 0-1

[Event "Madrid ch Sub-12 2021"]
[Site "Madrid ESP"]
[Date "2021.04.24"]
[Round "4.8"]
[White "Bonilla Almeida, Hugo"]
[Black "Kohn Garcia, Alejandro"]
[Result "1-0"]
[WhiteElo "1032"]
[BlackElo "1174"]
[PlyCount "111"]
[EventDate "2021.04.17"]
[EventType "swiss"]
[EventRounds "5"]
[EventCountry "ESP"]
[SourceTitle "Ajedrez en Madrid"]
[Source "lmi"]
[SourceDate "2021.04.17"]
[SourceVersion "1"]
[SourceVersionDate "2021.04.29"]
[SourceQuality "1"]

1. e4 e5 2. Bc4 Nf6 3. d3 d6 4. h3 Nc6 5. Bg5 Be7 6. Nc3 Na5 7. Bb3 Nxb3 8.
axb3 Nd7 9. Be3 a6 10. Nge2 Nb6 11. Ng3 c6 12. d4 O-O 13. O-O exd4 14. Qxd4 Nd7
15. Nh5 Nf6 16. Qd1 Be6 17. Bg5 Nxh5 18. Bxe7 Qxe7 19. Qxh5 f6 20. Ne2 Bf7 21.
Qg4 Qe6 22. Qf3 d5 23. exd5 Qxd5 24. Qxd5 Bxd5 25. Rfe1 Rfe8 26. Ng3 g6 27. Kh2
Kf7 28. Nf1 Rxe1 29. Rxe1 Re8 30. Rxe8 Kxe8 31. Ne3 Ke7 32. Kg3 Ke6 33. f3 h5
34. c4 Ke5 35. cxd5 cxd5 36. Kf2 a5 37. g3 Kd4 38. Ke2 b5 39. Nc2+ Kc5 40. Kd3
f5 41. f4 a4 42. bxa4 bxa4 43. h4 d4 44. Nxd4 Kb4 45. Kc2 Kc4 46. Ne6 Kd5 47.
Nf8 Ke4 48. Kc3 Kf3 49. Kb4 Kxg3 50. Nxg6 Kf3 51. Kxa4 Ke4 52. b4 Kd5 53. Ne7+
Ke6 54. Ng6 Kd6 55. b5 Kc7 56. Ne7 1-0

[Event "Madrid ch Sub-12 2021"]
[Site "Madrid ESP"]
[Date "2021.04.25"]
[Round "5.1"]
[White "Feal Albala, Alonso"]
[Black "Rey Martinez, Jaime"]
[Result "0-1"]
[WhiteElo "1570"]
[BlackElo "1932"]
[PlyCount "94"]
[EventDate "2021.04.17"]
[EventType "swiss"]
[EventRounds "5"]
[EventCountry "ESP"]
[SourceTitle "Ajedrez en Madrid"]
[Source "lmi"]
[SourceDate "2021.04.17"]
[SourceVersion "1"]
[SourceVersionDate "2021.04.29"]
[SourceQuality "1"]

1. e4 c5 2. Nf3 e6 3. d4 cxd4 4. Nxd4 Nf6 5. Nc3 Nc6 6. a3 Be7 7. Be3 O-O 8.
Be2 Nxd4 9. Bxd4 b6 10. e5 Ne8 11. Bf3 Rb8 12. O-O d5 13. exd6 Nxd6 14. Be5 Bb7
15. Bxb7 Rxb7 16. Qg4 Nf5 17. Rad1 Rd7 18. Qa4 Rxd1 19. Rxd1 Qa8 20. Qe4 Qc8
21. Nb5 Qa6 22. Nc7 Qa5 23. Bc3 Qc5 24. Nxe6 fxe6 25. Qxe6+ Kh8 26. Rd5 Qxf2+
27. Kxf2 Nd4+ 28. Ke1 Nxe6 29. Re5 Rf6 30. Rd5 Rg6 31. Rd7 Bf6 32. Bxf6 gxf6
33. Kf2 Rg7 34. Rd6 Re7 35. g3 Kg7 36. h4 Kf7 37. Rd5 Rc7 38. c3 Ke7 39. Rh5
Nf8 40. Ke3 Ke6 41. g4 Rc5 42. Rxc5 bxc5 43. Ke4 Ng6 44. h5 Ne5 45. Kf4 Nd3+
46. Kg3 Nxb2 47. Kh4 h6 0-1

[Event "Madrid ch Sub-12 2021"]
[Site "Madrid ESP"]
[Date "2021.04.25"]
[Round "5.2"]
[White "Rojas Fernandez, Antonio"]
[Black "Corchon Granero, Mateo"]
[Result "1-0"]
[WhiteElo "1563"]
[BlackElo "1244"]
[PlyCount "119"]
[EventDate "2021.04.17"]
[EventType "swiss"]
[EventRounds "5"]
[EventCountry "ESP"]
[SourceTitle "Ajedrez en Madrid"]
[Source "lmi"]
[SourceDate "2021.04.17"]
[SourceVersion "1"]
[SourceVersionDate "2021.04.29"]
[SourceQuality "1"]

1. e4 e5 2. Nf3 Nc6 3. Bc4 Bc5 4. d3 Nf6 5. Nc3 d6 6. h3 Na5 7. Bb3 Nxb3 8.
axb3 a6 9. Be3 Ba7 10. Qd2 Be6 11. d4 exd4 12. Nxd4 Qd7 13. O-O-O O-O-O 14.
Rhe1 Kb8 15. f4 Qe7 16. Bg1 Rhe8 17. Qe2 Bxd4 18. Rxd4 Bc8 19. g4 h6 20. Bf2 b6
21. Bh4 Bb7 22. e5 dxe5 23. Rxd8+ Qxd8 24. fxe5 g5 25. Bg3 Nd7 26. Qc4 Re6 27.
Qd4 Qe8 28. Qf2 Kc8 29. Kb1 a5 30. Nb5 Nf8 31. Nd4 Re7 32. Nf5 Rd7 33. Nxh6 Qe6
34. Nf5 Ng6 35. Qe3 Bg2 36. Qe2 Bb7 37. Bh2 Nh4 38. Nxh4 gxh4 39. Qf2 Qh6 40.
Bf4 Qh7 41. Qe3 Ba8 42. Bg5 Bg2 43. Re2 Rd1+ 44. Ka2 Bb7 45. Qf2 a4 46. bxa4
Bd5+ 47. b3 Qg8 48. Bxh4 Qe8 49. Qf4 Qc6 50. Qb4 Be6 51. Kb2 Qd5 52. Qc3 Rd4
53. Bf2 b5 54. Qxd4 Qf3 55. Rd2 bxa4 56. bxa4 Qb7+ 57. Kc1 Qh1+ 58. Bg1 Qxh3
59. Qd3 Qxg4 60. Qa6+ 1-0

[Event "Madrid ch Sub-12 2021"]
[Site "Madrid ESP"]
[Date "2021.04.25"]
[Round "5.3"]
[White "Vioque Gonzalez, Nicolas"]
[Black "Bartolome Benito, Alejandro"]
[Result "1-0"]
[WhiteElo "1291"]
[BlackElo "1268"]
[PlyCount "41"]
[EventDate "2021.04.17"]
[EventType "swiss"]
[EventRounds "5"]
[EventCountry "ESP"]
[SourceTitle "Ajedrez en Madrid"]
[Source "lmi"]
[SourceDate "2021.04.17"]
[SourceVersion "1"]
[SourceVersionDate "2021.04.29"]
[SourceQuality "1"]

1. d4 Nf6 2. Nc3 d5 3. Bg5 h6 4. Bh4 e6 5. e3 c5 6. Nf3 Be7 7. Bd3 O-O 8. O-O
Nc6 9. Bb5 a6 10. Bxc6 bxc6 11. Ne5 Qc7 12. f4 cxd4 13. exd4 c5 14. dxc5 Bxc5+
15. Kh1 Nd7 16. Qh5 Nxe5 17. fxe5 Be7 18. Bf6 Kh7 19. Rf3 g6 20. Qxh6+ Kxh6 21.
Rh3# 1-0

[Event "Madrid ch Sub-12 2021"]
[Site "Madrid ESP"]
[Date "2021.04.25"]
[Round "5.4"]
[White "Lopez Carrazana, Darvin Alejandro"]
[Black "Garcia Trabanca, Ana"]
[Result "1/2-1/2"]
[WhiteElo "1478"]
[BlackElo "1022"]
[PlyCount "72"]
[EventDate "2021.04.17"]
[EventType "swiss"]
[EventRounds "5"]
[EventCountry "ESP"]
[SourceTitle "Ajedrez en Madrid"]
[Source "lmi"]
[SourceDate "2021.04.17"]
[SourceVersion "1"]
[SourceVersionDate "2021.04.29"]
[SourceQuality "1"]

1. e4 c5 2. Nf3 d6 3. d4 cxd4 4. Nxd4 Nf6 5. Nc3 e6 6. Bg5 Be7 7. Bb5+ Bd7 8.
Bxd7+ Nbxd7 9. O-O O-O 10. Ndb5 Qb6 11. Rb1 a6 12. Be3 Qc6 13. Nd4 Qc7 14. h3
Nc5 15. f3 h6 16. Nde2 Rac8 17. Qd2 Rfd8 18. Rbc1 b5 19. a3 d5 20. exd5 Nxd5
21. Nxd5 Rxd5 22. Qe1 Qe5 23. Bd4 Qd6 24. Be3 Nd7 25. Kh1 Qe5 26. Nc3 Rd6 27.
Qf2 Rdc6 28. Rfe1 Bd6 29. f4 Qf5 30. Qf3 Nf6 31. Rf1 b4 32. axb4 Bxb4 33. Bd4
Bxc3 34. bxc3 Ne4 35. g4 Qh7 36. Qg2 Nxc3 1/2-1/2

[Event "Madrid ch Sub-12 2021"]
[Site "Madrid ESP"]
[Date "2021.04.25"]
[Round "5.5"]
[White "Blazquez Sanz, Oscar"]
[Black "Cousido Schwarz, Santiago"]
[Result "1-0"]
[WhiteElo "1299"]
[BlackElo "1460"]
[PlyCount "61"]
[EventDate "2021.04.17"]
[EventType "swiss"]
[EventRounds "5"]
[EventCountry "ESP"]
[SourceTitle "Ajedrez en Madrid"]
[Source "lmi"]
[SourceDate "2021.04.17"]
[SourceVersion "1"]
[SourceVersionDate "2021.04.29"]
[SourceQuality "1"]

1. e4 c5 2. Nf3 d6 3. c3 Nf6 4. h3 Nbd7 5. Bd3 e6 6. Bc2 Be7 7. d4 cxd4 8. cxd4
b5 9. O-O Bb7 10. Nc3 b4 11. e5 dxe5 12. dxe5 Bxf3 13. Qxf3 Nxe5 14. Ba4+ Nfd7
15. Bxd7+ Qxd7 16. Qxa8+ Bd8 17. Bf4 Ng6 18. Rad1 Qe7 19. Nd5 Qh4 20. Nc7+ Ke7
21. Bd6+ Kf6 22. Qf3+ Kg5 23. g3 Qxh3 24. Bf4+ Kf6 25. Be5+ Kg5 26. Bxg7 Rg8
27. Qe3+ Kf5 28. Qf3+ Kg5 29. Qxf7 Nh4 30. Nxe6+ Kg4 31. Rd4# 1-0

[Event "Madrid ch Sub-12 2021"]
[Site "Madrid ESP"]
[Date "2021.04.25"]
[Round "5.6"]
[White "Crespo Pedrero, Lorenzo"]
[Black "Garcia Estebanez, Diego"]
[Result "1-0"]
[WhiteElo "1177"]
[BlackElo "1154"]
[PlyCount "83"]
[EventDate "2021.04.17"]
[EventType "swiss"]
[EventRounds "5"]
[EventCountry "ESP"]
[SourceTitle "Ajedrez en Madrid"]
[Source "lmi"]
[SourceDate "2021.04.17"]
[SourceVersion "1"]
[SourceVersionDate "2021.04.29"]
[SourceQuality "1"]

1. e4 e5 2. Nf3 Nc6 3. d4 exd4 4. Nxd4 Qf6 5. Nxc6 Qxc6 6. Bd3 Bc5 7. Nc3 b6 8.
Bc4 Nf6 9. e5 Ne4 10. Bd5 Bxf2+ 11. Kf1 Ba6+ 12. Ne2 Bxe2+ 13. Kxe2 Qb5+ 14.
Qd3 Qxd3+ 15. cxd3 c6 16. Bxe4 Bc5 17. Be3 Bb4 18. a3 Be7 19. d4 Rb8 20. Bf4 c5
21. dxc5 bxc5 22. Rab1 O-O 23. e6 Rb6 24. exd7 Re6 25. Kf3 Rf6 26. Kg3 Re6 27.
Bf5 Rf6 28. Bg5 Bd6+ 29. Bf4 Bxf4+ 30. Kxf4 g6 31. g4 gxf5 32. gxf5 Rd6 33.
Rbd1 Rxd1 34. Rxd1 Rd8 35. Ke5 Kf8 36. Kf6 h5 37. h4 c4 38. a4 a5 39. Rd2 Kg8
40. Ke7 Rxd7+ 41. Rxd7 Kg7 42. f6+ 1-0